| 000 | 00868cam a22003013a 4500 | ||
|---|---|---|---|
| 001 | 165 | ||
| 003 | PGUSA | ||
| 005 | 20140828082944.0 | ||
| 008 | 060312s2006||||xxu|||||s|||||000 1 eng d | ||
| 040 |
_aPGUSA _beng |
||
| 042 | _adc | ||
| 050 | 4 | _aPS | |
| 100 | 1 |
_aNorris, Frank, _d1870-1902 |
|
| 245 | 1 | 0 |
_aMcTeague : _bA Story of San Francisco _h[electronic resource] / _cFrank Norris |
| 260 |
_bProject Gutenberg, _c2006 |
||
| 506 | _aPublic domain in the USA. | ||
| 516 | _aElectronic text | ||
| 653 | _aSan Francisco (Calif.) -- Fiction | ||
| 653 | _aDentists -- Fiction | ||
| 653 | _aDidactic fiction | ||
| 653 | _aPsychological fiction | ||
| 653 | _aMurderers -- Fiction | ||
| 653 | _aMarried people -- Fiction | ||
| 653 | _aAvarice -- Fiction | ||
| 830 | 0 |
_aProject Gutenberg _v165 |
|
| 856 | 4 | 0 | _uhttp://www.gutenberg.org/ebooks/165 |
| 942 | _cEB | ||
| 999 |
_c229536 _d229536 |
||